[Event "CAN-ch U10 Girls"]
[Site "Windsor"]
[Date "2016.07.06"]
[Round "2.108"]
[White "Zhang, Wendy"]
[Black "Lin, Angela"]
[Result "0-1"]
[WhiteElo "733"]
[BlackElo "1203"]
[PlyCount "66"]
[EventDate "2016.07.05"]
[EventType "swiss"]
[EventRounds "7"]
[EventCountry "CAN"]
[SourceTitle "EXT 2022"]
[Source "ChessBase"]
[SourceDate "2021.10.06"]
[SourceVersion "1"]
[SourceVersionDate "2021.10.06"]
[SourceQuality "1"]

1. e4 c5 2. Nf3 e6 3. d4 cxd4 4. Nxd4 Nc6 5. Be3 Nf6 6. Nc3 Bb4 7. a3 Bxc3+ 8. bxc3 Nxe4 9. Qd3 Nf6 10. Be2 d5 11. 0-0 e5 12. Nxc6 bxc6 13. Bg5 Qd6 14. c4 Bb7 15. Rab1 Ba6 16. Rb4 0-0 17. Ra4 Bb7 18. Ra5 e4 19. Qd4 Rfd8 20. c5 Qe7 21. Bf4 Ne8 22. Be5 f6 23. Bf4 Nc7 24. Bg4 Ne6 25. Bxe6+ Qxe6 26. Ra4 Bc8 27. Re1 Qg4 28. Rxe4 dxe4 29. Qxd8+ Kf7 30. Rxe4 Bf5 31. Re7+ Kg6 32. Qxa8 Qd1+ 33. Re1 Qxe1# 0-1

[Event "CAN-ch U08 Girls"]
[Site "Windsor"]
[Date "2015.07.08"]
[Round "5.138"]
[White "Lin, Angela"]
[Black "Guo, Veronica"]
[Result "0-1"]
[WhiteElo "844"]
[BlackElo "1020"]
[PlyCount "64"]
[EventDate "2015.07.06"]
[EventType "swiss"]
[EventRounds "7"]
[EventCountry "CAN"]
[SourceTitle "EXT 2022"]
[Source "ChessBase"]
[SourceDate "2021.10.06"]
[SourceVersion "1"]
[SourceVersionDate "2021.10.06"]
[SourceQuality "1"]

1. c4 e5 2. g3 Nf6 3. Bg2 c6 4. Nf3 Bd6 5. d4 e4 6. Nfd2 Bb4 7. a3 Bxd2+ 8. Nxd2 d5 9. c5 Qe7 10. b4 e3 11. fxe3 Qxe3 12. Nf3 Qe7 13. 0-0 Bg4 14. h3 Bxf3 15. Bxf3 h6 16. Re1 0-0 17. Bb2 b6 18. Rc1 a5 19. Qd2 axb4 20. axb4 Re8 21. cxb6 Ra4 22. Bc3 Qd6 23. Ra1 Rxa1 24. Rxa1 Qxg3+ 25. Bg2 Nbd7 26. b7 Nb6 27. Kf1 Nc4 28. Ra8 Nxd2+ 29. Bxd2 Qc7 30. Rxe8+ Nxe8 31. b5 Qxb7 32. bxc6 Qxc6 0-1